Normal view MARC view
  • AMMUNITION HANDBOOK.SMALL ARMS.PROJECTED GRENADES.CANNON.MORTARS.FIELD ARTILLERY.ARTILLERY ROCKETS.SMALL ARMS AMMUNITION

Entry Topical Term

Number of records used in: 1

001 - CONTROL NUMBER

  • control field: 59488

003 - CONTROL NUMBER IDENTIFIER

  • control field: NUST

005 - DATE AND TIME OF LATEST TRANSACTION

  • control field: 20210628202340.0

008 - FIXED-LENGTH DATA ELEMENTS

  • fixed length control field: 210628|| aca||aabn | a|a d

040 ## - CATALOGING SOURCE

  • Original cataloging agency: NUST
  • Transcribing agency: NUST

150 ## - HEADING--TOPICAL TERM

  • Topical term or geographic name entry element: AMMUNITION HANDBOOK.SMALL ARMS.PROJECTED GRENADES.CANNON.MORTARS.FIELD ARTILLERY.ARTILLERY ROCKETS.SMALL ARMS AMMUNITION

670 ## - SOURCE DATA FOUND

  • Source citation: Work cat.: (NUST): Ness, Leland Williams, Anthony.G 59487, Janes ammunition handbook 2005-2006, 2005
© 2023 Central Library, National University of Sciences and Technology. All Rights Reserved.